Wszystkie miejscowości powiatu chrzanowskiego - Statystyki

Ogólne statystyki
  • Ten quiz został rozwiązany 18 razy
  • Średni wynik to 24 z 37
Statystyki odpowiedzi
Gmina Miejscowość % Poprawnych
Gmina Alwernia Alwernia
93%
Gmina Babice Babice
87%
Gmina Chrzanów Balin
87%
Gmina Trzebinia Bolęcin
87%
Gmina Chrzanów Chrzanów
87%
Gmina Libiąż Libiąż
80%
Gmina Chrzanów Luszowice
80%
Gmina Chrzanów Płaza
80%
Gmina Chrzanów Pogorzyce
80%
Gmina Trzebinia Trzebinia
80%
Gmina Libiąż Żarki
80%
Gmina Alwernia Poręba Żegoty
73%
Gmina Babice Zagórze
73%
Gmina Trzebinia Dulowa
67%
Gmina Libiąż Gromiec
67%
Gmina Babice Jankowice
67%
Gmina Alwernia Kwaczała
67%
Gmina Babice Mętków
67%
Gmina Babice Wygiełzów
67%
Gmina Trzebinia Czyżówka
60%
Gmina Trzebinia Młoszowa
60%
Gmina Babice Olszyny
60%
Gmina Trzebinia Piła Kościelecka
60%
Gmina Alwernia Brodła
53%
Gmina Trzebinia Karniowice
53%
Gmina Trzebinia Myślachowice
53%
Gmina Alwernia Nieporaz
53%
Gmina Alwernia Okleśna
53%
Gmina Trzebinia Płoki
53%
Gmina Trzebinia Psary
53%
Gmina Alwernia Regulice
53%
Gmina Babice Rozkochów
53%
Gmina Trzebinia Lgota
47%
Gmina Alwernia Grojec
40%
Gmina Alwernia Mirów
33%
Gmina Alwernia Podłęże
33%
Gmina Alwernia Źródła
27%
Nie znaleziono quizów pasujących do podanych kryteriów
Rozkład punktacji
Procent ludzi z każdym wynikiem
Percentyl według liczby udzielonych odpowiedzi
Twoja historia wyników
Nie rozwiązałeś tego quizu